000 00245nam a22001217a 4500
040 _cSK
082 _a230
100 _aOEUR SOTHEAROTH
245 _aSelected works of student essays
260 _aJICA
_bOEU
_c2005
300 _a76p.
942 _cEK
999 _c9945
_d9945